| 000 | 00530nam a2200145Ia 4500 | ||
|---|---|---|---|
| 008 | 170221s9999 xx 000 0 und d | ||
| 100 | _aAjeet Jain | ||
| 245 | 4 | _aThe effect of stock split announcements on abnormal returns during a financial crisis | |
| 245 | _cAjeet Jain, Alabama A & M University; Mohammad G. Robbani, Alabama A & M University. | ||
| 260 | _bJournal of Management and Marketing Research | ||
| 260 | _c2012 | ||
| 300 | _a10 : 1 | ||
| 650 | _xBusiness | ||
| 856 | _uhttp://www.aabri.com/manuscripts/131684.pdf | ||
| 999 |
_c311691 _d311691 |
||